000 00715pam a2200229 a 4500
001 3452290
005 20241025140752.0
008 920805s1993 nyua b 001 0 eng c
020 _a0070065365
050 0 0 _aRC454
_b.B577 1993
082 0 0 _a616.89
_220
100 1 _aBootzin, Richard R.,
_d1940-
245 1 0 _aAbnormal psychology :
_bcurrent perspectives /
_cRichard R. Bootzin, Joan Ross Acocella, Lauren B. Alloy.
250 _a6th ed.
260 _aNew York :
_bMcGraw-Hill,
_cc1993.
300 _axvii, 588, [93] p. :
_bill. (some col.) ;
_c28 cm.
650 0 _aPsychology, Pathological.
650 2 _aPsychopathology.
700 1 _aAcocella, Joan Ross.
700 1 _aAlloy, Lauren B.
942 _2lcc
_cBK
_n0
999 _c197
_d197